Non-Recognised Countries and Territories - Statistics

General Stats
  • This quiz has been taken 76 times
  • The average score is 23 of 59
Answer Stats
Answer % Correct
Guam
63%
U.S. Virgin Islands
63%
Western Sahara
63%
Christmas Island
59%
Somaliland
59%
Aruba
57%
Curaçao
57%
Anguilla
56%
Bermuda
56%
Hong Kong
56%
Puerto Rico
56%
Cayman Islands
54%
Cook Islands
54%
Falkland Islands
54%
Jersey
54%
Saint Helena
54%
Abkhazia
50%
American Samoa
50%
British Virgin Islands
50%
Faroe Islands
50%
French Polynesia
50%
South Ossetia
50%
Guernsey
48%
Martinique
48%
Saint Martin
48%
Mayotte
46%
Niue
46%
Réunion
44%
Gibraltar
43%
Greenland
43%
Montserrat
43%
Isle of Man
41%
New Caledonia
41%
Bonaire
39%
Northern Mariana Islands
39%
Saint Barthélemy
39%
Norfolk Island
37%
Transnistria
37%
Sint Maarten
35%
French Guiana
31%
Wallis and Futuna
30%
Saint-Pierre and Miquelon
26%
Turks and Caicos Islands
26%
Easter Island
24%
Macao
24%
Saba
24%
Pitcairn Islands
20%
Sint Eustatius
20%
Tristan da Cunha
20%
British Indian Ocean Territory
19%
Guadaloupe
19%
Ascension Island
15%
Åland Islands
13%
Scotland
11%
Wales
11%
Cocos (Keeling) Islands
9%
Svalbard and Jan Mayen
9%
South Georgia and the South Sandwich Islands
7%
French Southern Territories
2%
No matching quizzes found
Score Distribution
Percent of People with Each Score
Percentile by Number Answered
Your Score History
You have not taken this quiz